000 00399nam a2200157Ia 4500
008 221030s9999 xx 000 0 und d
020 _a8120311868
041 _aEnglish
082 _a105.23
_bDas
100 _aD. G. Dastidar
245 0 _aComputers & Computation : A Beginners Guide
_cby D. G. Dastidar
260 _bPHI
_aNew Delhi
_c1997
300 _a214
650 _aBE Computer
942 _cBK
999 _c1030
_d1030